000
00312nam a2200133Ia 4500
005
20260326235449.0
008
260326s9999||||xx |||||||||||||| ||und||
100
_a
Gombrich, Ernst H.
245
4
_a
The Story of Art /
_c
Ernst H. Gombrich
260
_b
Phaidon
300
_a
686 p.
650
_a
ARTE
942
_c
BK
999
_c
7676
_d
7676